000 00609nam a22002297a 4500
003 UA-OsUOA
001 86394
007 ta
008 20120831b un ||||| |||| 00| 0 ukr d
100 _aМягков П. С.
090 _a94(4)"1939/1945"
_bМ99
942 _cBK
040 _aUA-OsUOA
_brus
_cUA-OsUOA
_dUA-OsUOA
245 _aСевастопольская оборона
300 _a130 с.
955 _a4
041 _arus
080 _a94(4)"1939/1945"
260 _aМ.
_c1954
650 7 _a9 Географія. Біографії. Історія
_2UDC
999 _c373238
_d373238